| 000 | 00543nmm a2200169Ia 4500 | ||
|---|---|---|---|
| 008 | 251105s9999||||xx |||||||||||||||||und|| | ||
| 020 | _a9789588378237 | ||
| 041 | _aspa | ||
| 100 | _aPeñuela Díaz, Ivone Andrea | ||
| 245 | 0 | _aAnamnesis auditiva para trabajadores expuestos a ruido | |
| 264 |
_a[Bogotá, Colombia] : _bUniversidad del Rosario, _c2008 |
||
| 300 | _a107 páginas | ||
| 490 | _aTextos de Rehabilitación y Desarrollo humano | ||
| 650 | _aMedicine | ||
| 856 | _uhttps://public.digitaliapublishing.com/a/10208 | ||
| 942 | _cCF | ||
| 999 |
_c96598 _d96598 |
||